000 00624cab a2200229 4500
001 ABS49896
008 090401t1994 xxu||||| |||| 00| 0 eng d
035 _a(Sirsi) u73244
041 _aeng
100 _aBrown, E.
245 _aLivestock marketing and the RICS
260 _c1994
350 _a0
490 _aCSM (Chartered Surveyor Monthly)
_v3(4) January 1994, 38-39(2)
520 _aExamines the continuing role of auctions in the livestock market.
650 _aFUTURE
650 _aLIVESTOCK AUCTIONS
690 _aAuctioneering
_96218
690 _aRURAL PRACTICE
942 _n0
948 _c04/03/1997
999 _c46319
_d46319